| Tag |
First Indicator |
Second Indicator |
Subfields |
| LEADER |
00000cam a2200000Ia 4500 |
| 001 |
in00002567621 |
| 005 |
20151201154344.0 |
| 007 |
hd bfv---baap |
| 007 |
he amv---bacp |
| 008 |
001219q19001998enka b 000 0 eng d |
| 035 |
|
|
|a (OCoLC)ocm45597254
|
| 037 |
|
|
|a CL0021000029
|b UMI, 300 N. Zeeb Rd., Ann Arbor, MI 48016-1346
|
| 040 |
|
|
|a OPP
|c OPP
|d UtOrBLW
|
| 043 |
|
|
|a e-uk---
|
| 049 |
|
|
|a OPPA
|
| 090 |
|
|
|a PZ5
|b .O67 1990 no.029:027.
|
| 245 |
0 |
0 |
|a Magic pencil drawing book.
|
| 264 |
|
1 |
|a London :
|b Bairns Books,
|c [between 1900 and 1999]
|
| 300 |
|
|
|a 18 unnumbered pages :
|b chiefly illustrations
|
| 336 |
|
|
|a text
|b txt
|2 rdacontent
|
| 337 |
|
|
|a microform
|b h
|2 rdamedia
|
| 338 |
|
|
|a microfiche
|b he
|2 rdacarrier
|
| 500 |
|
|
|a Cover title.
|
| 500 |
|
|
|a "B.46/4. Copyright 6. Printed in England"--P. [1].
|
| 500 |
|
|
|a Reproduction of original in the Bodleian Library.
|
| 510 |
4 |
|
|a Opie
|c KK 810
|
| 533 |
|
|
|a Microfiche.
|b Ann Arbor, Mich. :
|c UMI,
|d 1998.
|e 1 microfiche ; 11 x 15 cm.
|f (Opie collection of children's literature ; 029:027).
|7 s1998 miun b
|
| 500 |
|
|
|a Microform.
|
| 650 |
|
0 |
|a Coloring books
|z Great Britain.
|
| 830 |
|
0 |
|a Opie collection of children's literature ;
|v 029:027.
|
| 994 |
|
|
|a 02
|b OPP
|
| 999 |
|
|
|a MARS
|
| 999 |
f |
f |
|s 6fc2ab3b-0895-35f7-9afa-c5112a576b1c
|i bd33bac4-6b73-3259-84c8-7140616cb576
|t 0
|
| 952 |
f |
f |
|a Texas A&M University
|b College Station
|c Sterling C. Evans Library
|d Evans: Microforms Fiche (3rd floor)
|t 0
|e PZ5 .O67 1990 no.029:027.
|h Library of Congress classification
|
| 998 |
f |
f |
|a PZ5 .O67 1990 no.029:027.
|t 0
|l Evans: Microforms Fiche (3rd floor)
|